000 00811nam a2200253Ia 4500
003 OSt
005 20220923212412.0
006 a|||||r|||| 00| 0
007 ta
008 220922b |||||||| |||| 00| 0 hin d
024 _a152,628
037 _cTextual
040 _aARTS
_cARTS
_bhin
041 _2hin
_ahin
082 _aNA,37.C, 152L4
100 _aअनन्त कुमार
_9156290
245 0 _aबुद्वकालीन राजगृह
246 _aBudvakālīn rājagṛuha
260 _aपटना
_b बिहार हिन्दी ग्रंथ अकादमी
_c1974
300 _a109 पृ.
_ccm.
650 _aललित कला
_9156314
942 _hNA,37.C, 152L4
_cTEXL
_2CC
999 _c308277
_d308277